Nonlinearity in structural dynamics : (Record no. 531736)
[ view plain ]
| 000 -LEADER | |
|---|---|
| fixed length control field | 00951cam a22002654a 4500 |
| 001 - CONTROL NUMBER | |
| control field | 12071196 |
| 005 - DATE AND TIME OF LATEST TRANSACTION | |
| control field | 20191024153439.0 |
| 008 - FIXED-LENGTH DATA ELEMENTS--GENERAL INFORMATION | |
| fixed length control field | 000622s2001 enka b 001 0 eng |
| 010 ## - LIBRARY OF CONGRESS CONTROL NUMBER | |
| LC control number | 00057239 |
| 020 ## - INTERNATIONAL STANDARD BOOK NUMBER | |
| International Standard Book Number | 0750303565 (alk. paper) |
| 040 ## - CATALOGING SOURCE | |
| Original cataloging agency | DLC |
| Transcribing agency | DLC |
| Modifying agency | DLC |
| 042 ## - AUTHENTICATION CODE | |
| Authentication code | pcc |
| 050 00 - LIBRARY OF CONGRESS CALL NUMBER | |
| Classification number | TA654 |
| Item number | .W67 2001 |
| 082 00 - DEWEY DECIMAL CLASSIFICATION NUMBER | |
| Classification number | 624.17 |
| Author Mark | WOR |
| 100 1# - MAIN ENTRY--PERSONAL NAME | |
| Personal name | Worden, K. |
| 9 (RLIN) | 24727 |
| 245 10 - TITLE STATEMENT | |
| Title | Nonlinearity in structural dynamics : |
| Remainder of title | detection, identification, and modelling / |
| Statement of responsibility, etc. | K. Worden and G.R. Tomlinson. |
| 260 ## - PUBLICATION, DISTRIBUTION, ETC. | |
| Place of publication, distribution, etc. | Bristol [England] ; |
| -- | Philadelphia : |
| Name of publisher, distributor, etc. | Institute of Physics, |
| Date of publication, distribution, etc. | c2001. |
| 300 ## - PHYSICAL DESCRIPTION | |
| Extent | xix, 659 p. : |
| Other physical details | ill. ; |
| Dimensions | 24 cm. |
| 504 ## - BIBLIOGRAPHY, ETC. NOTE | |
| Bibliography, etc. note | Includes bibliographical references and index. |
| 650 #0 - SUBJECT ADDED ENTRY--TOPICAL TERM | |
| Topical term or geographic name entry element | Structural dynamics. |
| 9 (RLIN) | 10008 |
| 650 #0 - SUBJECT ADDED ENTRY--TOPICAL TERM | |
| Topical term or geographic name entry element | Nonlinear theories. |
| 9 (RLIN) | 655 |
| 700 1# - ADDED ENTRY--PERSONAL NAME | |
| Personal name | Tomlinson, Geoffrey R. |
| 9 (RLIN) | 24728 |
| 856 42 - ELECTRONIC LOCATION AND ACCESS | |
| Materials specified | Publisher description |
| Uniform Resource Identifier | <a href="http://www.loc.gov/catdir/enhancements/fy0701/00057239-d.html">http://www.loc.gov/catdir/enhancements/fy0701/00057239-d.html</a> |
| 942 ## - ADDED ENTRY ELEMENTS (KOHA) | |
| Source of classification or shelving scheme | |
| Koha item type | Book |
| Withdrawn status | Lost status | Source of classification or shelving scheme | Damaged status | Not for loan | Permanent Location | Current Location | Date acquired | Total Checkouts | Full call number | Barcode | Date last seen | Date last checked out | Price effective from | Koha item type |
|---|---|---|---|---|---|---|---|---|---|---|---|---|---|---|
| School of Civil and Environmental Engineering (SCEE) | School of Civil and Environmental Engineering (SCEE) | 10/24/2019 | 1 | 624.17 WOR | NIT-12998 | 03/31/2021 | 10/24/2019 | 10/24/2019 | Book |
